| 000 | 00657nam a2200217 u 4500 | ||
|---|---|---|---|
| 005 | 20241008063721.0 | ||
| 008 | 170621s1996 es r 000 0 spa d | ||
| 020 | _a8479531290 | ||
| 035 | _aUPN01000219023 | ||
| 049 | _aCG | ||
| 050 | 4 |
_aLB1050.54 _bS3.7 |
|
| 100 | 1 |
_aScheele, Paul R. _940787 |
|
| 245 | 1 | 0 |
_aPhotoReading : _bsistema de lectura con toda la mente / _cPaul R. Scheele. |
| 260 |
_aBarcelona, Esp. : _bUrano, _cc1996. |
||
| 300 |
_a157 p. : _bil. |
||
| 534 |
_pTítulo original: _tThe photo reading whole mind system |
||
| 650 | 4 |
_aLectura rápida _919313 |
|
| 650 | 2 |
_aHábitos de estudio _97045 |
|
| 905 | _aLibro | ||
| 999 |
_c191123 _d191123 |
||